[Event "BAN-chT"]
[Site "Dhaka"]
[Date "2015.12.09"]
[Round "4.2"]
[White "Mohammad, Javed"]
[Black "Rahman, Masudur Bari"]
[Result "0-1"]
[WhiteElo "2173"]
[BlackElo "2049"]
[PlyCount "102"]
[EventDate "2015.12.06"]
[EventType "team-tourn"]
[EventRounds "9"]
[EventCountry "BAN"]
[SourceTitle "EXT 2017"]
[Source "ChessBase"]
[SourceDate "2016.10.25"]
[SourceVersion "1"]
[SourceVersionDate "2016.10.25"]
[SourceQuality "1"]
[WhiteTeam "Bangladesh Navy U20"]
[BlackTeam "Pathagar Sultana Kamal"]
[WhiteTeamCountry "BAN"]
[BlackTeamCountry "BAN"]

1. Nf3 Nf6 2. d4 e6 3. c4 b6 4. g3 Bb7 5. Bg2 d6 6. 0-0 Be7 7. Nc3 0-0 8. Qc2 c5 9. d5 exd5 10. cxd5 Re8 11. e4 Bf8 12. Re1 Nbd7 13. Bf4 a6 14. a4 g6 15. Nd2 Ng4 16. h3 Nge5 17. Bxe5 Nxe5 18. f4 Nd7 19. Nc4 Qc7 20. e5 Rab8 21. e6 Nf6 22. f5 fxe6 23. fxe6 Be7 24. Rad1 Ba8 25. Ne4 Nxd5 26. Ncxd6 Bxd6 27. Rxd5 Rxe6 28. Rdd1 Bxe4 29. Qc4 Rbe8 30. Rxe4 Be5 31. Rde1 Kg7 32. Qxa6 Bd4+ 33. Kh1 Rxe4 34. Rxe4 Rxe4 35. Bxe4 Qxg3 36. Qf1 Bxb2 37. Bd5 Bf6 38. Bc4 Qe3 39. Bd5 Qd4 40. Bc6 c4 41. Bb5 Qe4+ 42. Qg2 Qxg2+ 43. Kxg2 c3 44. Bd3 h5 45. Kf3 g5 46. Ke3 Be5 47. Bf5 Kf6 48. Bd7 Bf4+ 49. Kd3 Bd2 50. Be8 g4 51. h4 g3 0-1

[Event "BAN-chT"]
[Site "Dhaka"]
[Date "2015.12.07"]
[Round "2.2"]
[White "Roy, Prantik"]
[Black "Rahman, Masudur Bari"]
[Result "0-1"]
[WhiteElo "2370"]
[BlackElo "2049"]
[PlyCount "110"]
[EventDate "2015.12.06"]
[EventType "team-tourn"]
[EventRounds "9"]
[EventCountry "BAN"]
[SourceTitle "EXT 2017"]
[Source "ChessBase"]
[SourceDate "2016.10.25"]
[SourceVersion "1"]
[SourceVersionDate "2016.10.25"]
[SourceQuality "1"]
[WhiteTeam "Golden Sporting"]
[BlackTeam "Pathagar Sultana Kamal"]
[WhiteTeamCountry "BAN"]
[BlackTeamCountry "BAN"]

1. c4 c5 2. g3 e6 3. Bg2 d5 4. Nf3 d4 5. b4 cxb4 6. a3 Nc6 7. 0-0 Nf6 8. d3 Bc5 9. Nbd2 bxa3 10. Nb3 Be7 11. Bxa3 Bxa3 12. Rxa3 0-0 13. Qa1 e5 14. Na5 Qc7 15. Rb1 Nd8 16. Nb3 a6 17. Nbd2 Bd7 18. e3 dxe3 19. fxe3 Re8 20. d4 exd4 21. exd4 Bf5 22. Re1 Nc6 23. Rae3 Rxe3 24. Rxe3 Rd8 25. Qe1 h6 26. d5 Nb4 27. Nd4 Bd3 28. Bf1 Bxf1 29. Qxf1 b5 30. Nf5 bxc4 31. d6 Qc5 32. Qxc4 Qxf5 33. Qxb4 Nd5 34. Qa5 Rxd6 35. Rf3 Qe6 36. Nc4 Rc6 37. Qd8+ Kh7 38. Nd2 Rc1+ 39. Nf1 Re1 40. Qf8 Ne3 41. Rxf7 Rxf1+ 42. Rxf1 Nxf1 43. Qxf1 Qe3+ 44. Kg2 Qe4+ 45. Kg1 a5 46. Qf8 a4 47. Qa3 Qb1+ 48. Kg2 Qb3 49. Qc5 Qd3 50. Qa5 a3 51. Kh3 Qf1+ 52. Kg4 Qc4+ 53. Kh3 a2 54. Qf5+ Kg8 55. Qe5 Qf1+ 0-1